LEADER 01952nam 2200613Ia 450 001 9910450623503321 005 20210629193909.0 010 $a1-56368-261-3 035 $a(CKB)1000000000032187 035 $a(OCoLC)614983360 035 $a(CaPaEBR)ebrary10078133 035 $a(SSID)ssj0000193000 035 $a(PQKBManifestationID)11183029 035 $a(PQKBTitleCode)TC0000193000 035 $a(PQKBWorkID)10198554 035 $a(PQKB)11141151 035 $a(MiAaPQ)EBC3010914 035 $a(OCoLC)57352339 035 $a(MdBmJHUP)muse5533 035 $a(Au-PeEL)EBL3010914 035 $a(CaPaEBR)ebr10078133 035 $a(OCoLC)810038847 035 $a(EXLCZ)991000000000032187 100 $a20021025d2003 uy 0 101 0 $aeng 135 $aurcn||||||||| 181 $ctxt 182 $cc 183 $acr 200 10$aLiteracy and your deaf child$b[electronic resource] $ewhat every parent should know /$fDavid A. Stewart and Bryan R. Clarke 210 $aWashington, D.C. $cGallaudet University Press$d2003 215 $a1 online resource (238 p.) 300 $aBibliographic Level Mode of Issuance: Monograph 311 $a1-56368-136-6 320 $aIncludes bibliographical references (p. 213-216) and index. 606 $aDeaf children$xEducation 606 $aDeaf children$xLanguage 606 $aLanguage acquisition$xParent participation 606 $aLiteracy 608 $aElectronic books. 615 0$aDeaf children$xEducation. 615 0$aDeaf children$xLanguage. 615 0$aLanguage acquisition$xParent participation. 615 0$aLiteracy. 676 $a371.91/2 700 $aStewart$b David A$g(David Alan),$f1954-2004.$0858954 701 $aClarke$b Bryan R$0858955 801 0$bMiAaPQ 801 1$bMiAaPQ 801 2$bMiAaPQ 906 $aBOOK 912 $a9910450623503321 996 $aLiteracy and your deaf child$91917151 997 $aUNINA LEADER 02467nam 2200565 450 001 9910819538103321 005 20170919050811.0 010 $a1-4985-2970-4 035 $a(CKB)3710000000514360 035 $a(EBL)4093004 035 $a(SSID)ssj0001570108 035 $a(PQKBManifestationID)16220776 035 $a(PQKBTitleCode)TC0001570108 035 $a(PQKBWorkID)14798613 035 $a(PQKB)11024070 035 $a(MiAaPQ)EBC4093004 035 $a(EXLCZ)993710000000514360 100 $a20151214h20162016 uy 0 101 0 $aeng 135 $aur|n|---||||| 181 $ctxt 182 $cc 183 $acr 200 10$aDeep pantheism $etoward a new transcendentalism /$fRobert S. Corrington 210 1$aLanham, Maryland :$cLexington Books,$d2016. 210 4$dİ2016 215 $a1 online resource (131 p.) 300 $aDescription based upon print version of record. 311 $a1-4985-2971-2 311 $a1-4985-2969-0 320 $aIncludes bibliographical references and index. 327 $aContents; Preface; Acknowledgments; Introduction; 1 Nature Naturing and Nature Natured; 2 Ordinal Psychoanalysis and the Selving Process; 3 Religion and Art; 4 Archetypes, Evolution, and Betweenness; 5 Involution and the Encompassing; Postscript; References and Bibliography; About the Author; Index 330 $aThis book broadens our conceptions of the sheer breadth and uncanny depths of nature. It locates the Selving process directly within the one nature that there is-a nature that has no boundary or contour. The highest manifestation of the human psyche, as argued by Otto Rank, is the creation of the artistic personality. The book transcends and transforms current work in the field of religious naturalism, gives pantheism new life over against the more fashionable panentheism, radicalizes and deepens the thought and practice of psychoanalysis with its creation of ordinal psychoanalysis, and create 606 $aPhilosophy of nature 606 $aTranscendentalism 606 $aPhenomenology 606 $aPantheism 615 0$aPhilosophy of nature. 615 0$aTranscendentalism. 615 0$aPhenomenology. 615 0$aPantheism. 676 $a141/.3 700 $aCorrington$b Robert S.$f1950-$0546377 801 0$bMiAaPQ 801 1$bMiAaPQ 801 2$bMiAaPQ 906 $aBOOK 912 $a9910819538103321 996 $aDeep pantheism$94113293 997 $aUNINA